[Event "World Cup"]
[Site "Tbilisi GEO"]
[Date "2017.09.08"]
[EventDate "2017.09.03"]
[Round "2.5"]
[Result "1/2-1/2"]
[White "Jan-Krzysztof Duda"]
[Black "Vassily Ivanchuk"]
[WhiteElo "2707"]
[BlackElo "2728"]
[PlyCount "47"]

1. e4 c5 2. Nf3 Nc6 3. d4 cxd4 4. Nxd4 g6 5. c4 Nf6 6. Nc3 d6
7. Be2 Nxd4 8. Qxd4 Bg7 9. Be3 O-O 10. Qd2 a5 11. O-O a4
12. Rac1 Qa5 13. f3 Bd7 14. c5 Bc6 15. cxd6 Rfd8 16. Bc4 Rxd6
17. Qf2 Nd7 18. Rfd1 a3 19. Rxd6 exd6 20. b4 Qxb4 21. Nd5 Qb2
22. Rc2 Qb1+ 23. Rc1 Qb2 24. Rc2 1/2-1/2

[Event "Bundesliga 2017/18"]
[Site "Germany GER"]
[Date "2017.10.21"]
[EventDate "2017.10.21"]
[Round "1.7"]
[Result "1-0"]
[White "Jan-Krzysztof Duda"]
[Black "Pavel Eljanov"]
[WhiteElo "2706"]
[BlackElo "2720"]
[PlyCount "69"]

1. e4 e5 2. Nf3 Nc6 3. Bc4 Bc5 4. c3 Nf6 5. d3 d6 6. Bb3 O-O
7. h3 a6 8. Nbd2 Be6 9. Bc2 d5 10. Qe2 h6 11. g4 Nh7 12. Rg1
d4 13. Nb3 Be7 14. Nxe5 Nxe5 15. Nxd4 c5 16. Nf5 Kh8 17. f4
Nc6 18. Be3 Rc8 19. Nxe7 Qxe7 20. Qf2 b6 21. h4 f6 22. f5 Bg8
23. O-O-O Ne5 24. Rg3 Rfd8 25. g5 fxg5 26. hxg5 hxg5 27. Rxg5
Qf7 28. Qg3 Nc6 29. Bb3 Qe7 30. Rh5 c4 31. Bxc4 Ne5 32. Bg5
Qd6 33. Bf4 Rc5 34. Bd5 Bxd5 35. Bxe5 1-0

[Event "Bundesliga 2017/18"]
[Site "Dresden GER"]
[Date "2017.10.22"]
[EventDate "2017.10.21"]
[Round "2.7"]
[Result "1/2-1/2"]
[White "Kacper Piorun"]
[Black "Jan-Krzysztof Duda"]
[WhiteElo "2640"]
[BlackElo "2706"]
[PlyCount "95"]

1. c4 e6 2. Nf3 d5 3. d4 Nf6 4. g3 Bb4+ 5. Bd2 Be7 6. Bg2 O-O
7. O-O Nbd7 8. Qc2 c6 9. Rd1 b6 10. b3 a5 11. Nc3 Ba6 12. Na4
b5 13. Nb2 bxc4 14. bxc4 Ne4 15. Be1 Bb4 16. a3 Bxe1 17. Nxe1
Nd6 18. c5 Nc4 19. Nxc4 Bxc4 20. e4 a4 21. exd5 cxd5 22. Rdc1
Nb8 23. Qd2 Bb3 24. f4 Nc6 25. Nf3 Na5 26. Qf2 Rb8 27. Re1 Nc6
28. g4 Bc4 29. f5 Qf6 30. fxe6 fxe6 31. Qe3 Rb3 32. Qxe6+ Qxe6
33. Rxe6 Rfxf3 34. Rxc6 Rxa3 35. Rxa3 Rxa3 36. Rd6 Rc3
37. Bxd5+ Bxd5 38. Rxd5 Rc2 39. Rd8+ Kf7 40. Ra8 Rc4 41. c6
Rxc6 42. Rxa4 Rg6 43. d5 Rd6 44. Ra5 Kf6 45. Kg2 Ke5 46. Ra7
Kf6 47. Ra5 Ke5 48. Ra7 1/2-1/2

[Event "European Team Championship"]
[Site "Hersonissos GRE"]
[Date "2017.10.28"]
[EventDate "2017.10.28"]
[Round "1.8"]
[Result "1/2-1/2"]
[White "Lubomir Ftacnik"]
[Black "Jan-Krzysztof Duda"]
[WhiteElo "2546"]
[BlackElo "2706"]
[PlyCount "132"]

1. d4 Nf6 2. Nf3 g6 3. c4 Bg7 4. Nc3 d5 5. cxd5 Nxd5 6. e4
Nxc3 7. bxc3 O-O 8. Be2 c5 9. O-O b6 10. Bg5 Bb7 11. Qd3 Qd7
12. Rad1 e6 13. Qe3 Qa4 14. Bh6 Nd7 15. Bxg7 Kxg7 16. e5 Rac8
17. Rd2 b5 18. dxc5 Bd5 19. Rd4 Qxa2 20. Rh4 Rh8 21. Bxb5 Nxc5
22. Qh6+ Kg8 23. Ng5 Qd2 24. Rd4 Qxc3 25. Rf4 Rf8 26. Rxf7
Rxf7 27. Nxf7 Bxg2 28. Kxg2 Qb4 29. Qg5 Kxf7 30. Qf6+ Kg8
31. Be8 Qg4+ 32. Kh1 Qf5 33. Bf7+ Kf8 34. Qxh8+ Kxf7 35. Qxh7+
Kf8 36. Qh8+ Kf7 37. Qf6+ Qxf6 38. exf6 a5 39. Rc1 Nd3
40. Rc7+ Kxf6 41. Kg1 a4 42. Rc3 Nf4 43. Rc4 Kf5 44. Rxa4 e5
45. Ra3 g5 46. h3 Ng6 47. Kg2 g4 48. hxg4+ Kxg4 49. Rg3+ Kf5
50. Kf3 Nf4 51. Rg8 Ne6 52. Ke3 Ng5 53. Kd3 Ne6 54. Re8 Nf4+
55. Ke3 Ne6 56. Ra8 Ng5 57. Rf8+ Ke6 58. Kd3 Nh7 59. Rh8 Nf6
60. Kc4 Ne4 61. Rh2 Kf5 62. Kd5 Nc3+ 63. Kd6 Kf4 64. Rh4+ Kf3
65. Rh3+ Kxf2 66. Rxc3 e4 1/2-1/2

[Event "European Team Championship"]
[Site "Hersonissos GRE"]
[Date "2017.10.29"]
[EventDate "2017.10.28"]
[Round "2.3"]
[Result "0-1"]
[White "Nikolas Theodorou"]
[Black "Jan-Krzysztof Duda"]
[WhiteElo "2512"]
[BlackElo "2706"]
[PlyCount "52"]

1. e4 c5 2. Nf3 e6 3. d4 cxd4 4. Nxd4 Nc6 5. Nc3 Qc7 6. Be3 a6
7. Qf3 Ne5 8. Qg3 h5 9. O-O-O b5 10. Bf4 f6 11. Bxe5 Qxe5
12. f4 Qb8 13. Qg6+ Ke7 14. e5 Bb7 15. Bxb5 axb5 16. Nf5+ exf5
17. Rhe1 Kd8 18. Qf7 Ne7 19. exf6 Qxf4+ 20. Kb1 gxf6 21. Nxb5
Bc6 22. Nd4 Bd5 23. Ne6+ dxe6 24. Rxe6 Kc7 25. Rxe7+ Bxe7
26. Qxe7+ Kb6 0-1

[Event "European Team Championship"]
[Site "Hersonissos GRE"]
[Date "2017.10.30"]
[EventDate "2017.10.28"]
[Round "3.6"]
[Result "1/2-1/2"]
[White "Nigel Short"]
[Black "Jan-Krzysztof Duda"]
[WhiteElo "2698"]
[BlackElo "2706"]
[PlyCount "114"]

1. d4 Nf6 2. c4 c6 3. Nf3 d5 4. e3 e6 5. b3 c5 6. Bb2 cxd4
7. exd4 dxc4 8. bxc4 Qa5+ 9. Nbd2 Ba3 10. Qc1 Bxb2 11. Qxb2
Nc6 12. Be2 Qb4 13. O-O-O b6 14. Qxb4 Nxb4 15. Kb2 Bb7 16. Ne5
O-O 17. Bf3 Bxf3 18. Ndxf3 Rac8 19. Rhe1 h6 20. g4 Rfd8 21. h4
Nd7 22. Kb3 Nxe5 23. Nxe5 Nc6 24. Nxc6 Rxc6 25. a4 Rdc8
26. Rc1 Kf8 27. h5 g6 28. hxg6 fxg6 29. Re4 Kg7 30. Kb4 a6
31. Rc3 Rf8 32. f4 h5 33. gxh5 gxh5 34. a5 bxa5+ 35. Kxa5 Kg6
36. c5 Kf5 37. Re5+ Kg4 38. Rg5+ Kxf4 39. Rxh5 Ke4 40. Kb4
Kxd4 41. Rc4+ Kd3 42. Rh3+ Kd2 43. Rh2+ Kd3 44. Rh3+ Kd2
45. Rcc3 Rf2 46. Rhd3+ Ke2 47. Rd6 Rxd6 48. cxd6 Rf8 49. Rc7
e5 50. Re7 Kd3 51. Rxe5 Kd4 52. Re7 Rb8+ 53. Ka5 Kc5 54. d7
Kd6 55. Re8 Rb5+ 56. Kxa6 Kxd7 57. Kxb5 Kxe8 1/2-1/2

[Event "European Team Championship"]
[Site "Hersonissos GRE"]
[Date "2017.10.31"]
[EventDate "2017.10.28"]
[Round "4.2"]
[Result "1-0"]
[White "Jan-Krzysztof Duda"]
[Black "Georg Meier"]
[WhiteElo "2706"]
[BlackElo "2655"]
[PlyCount "119"]

1. d4 Nf6 2. c4 e6 3. Nc3 d5 4. cxd5 exd5 5. Bg5 c6 6. e3 h6
7. Bh4 Bf5 8. Bd3 Bxd3 9. Qxd3 Be7 10. Nge2 O-O 11. f3 Re8
12. O-O Nbd7 13. Rad1 b5 14. Bf2 Bf8 15. Ng3 Rc8 16. h3 b4
17. Nce2 c5 18. dxc5 Bxc5 19. Nf4 Qb6 20. Nf5 Ne5 21. Qb3 g6
22. Nxh6+ Kg7 23. Ng4 Nexg4 24. fxg4 Bxe3 25. Nxd5 Nxd5
26. Qxd5 Re7 27. Qf3 Bxf2+ 28. Qxf2 Rc2 29. Qxb6 axb6 30. Rf2
Ree2 31. Rxe2 Rxe2 32. b3 Rxa2 33. Rd4 Re2 34. Rxb4 Re6
35. Kf2 g5 36. Rb5 f6 37. g3 Kg6 38. h4 Kh6 39. Kf3 Kg6
40. Rd5 Rc6 41. Ke4 Re6+ 42. Kd3 Re1 43. hxg5 Rg1 44. gxf6
Rxg3+ 45. Kc4 Rxg4+ 46. Kb5 Kxf6 47. Kxb6 Rb4+ 48. Rb5 Re4
49. b4 Ke6 50. Kb7 Kd6 51. Rb6+ Kd5 52. Ka6 Rh4 53. Rb7 Rh6+
54. Ka5 Rh1 55. b5 Kd6 56. Rg7 Kc5 57. Rc7+ Kd6 58. b6 Ra1+
59. Kb5 Ra8 60. Rc1 1-0

[Event "European Team Championship"]
[Site "Hersonissos GRE"]
[Date "2017.11.01"]
[EventDate "2017.10.28"]
[Round "5.3"]
[Result "1/2-1/2"]
[White "Vladislav Kovalev"]
[Black "Jan-Krzysztof Duda"]
[WhiteElo "2636"]
[BlackElo "2706"]
[PlyCount "60"]

1. e4 e6 2. d4 d5 3. exd5 exd5 4. Nf3 Nf6 5. Bd3 Bd6 6. Qe2+
Qe7 7. Qxe7+ Kxe7 8. O-O Nc6 9. Re1+ Kf8 10. c3 Bg4 11. Nh4
Ne7 12. g3 Re8 13. Nd2 g6 14. Ndf3 Kg7 15. Ne5 Be6 16. Bd2 Nd7
17. Bf4 Nc8 18. Nxd7 Bxd7 19. Ng2 Rxe1+ 20. Rxe1 Re8 21. Rxe8
Bxe8 22. f3 f6 23. Kf2 c6 24. Bxd6 Nxd6 25. Ne3 Bd7 26. Ke2
Kf7 27. b3 b6 28. Kd2 Be6 29. Ke2 Bd7 30. Kd2 Be6 1/2-1/2

[Event "European Team Championship"]
[Site "Hersonissos GRE"]
[Date "2017.11.03"]
[EventDate "2017.10.28"]
[Round "6.2"]
[Result "1-0"]
[White "Ian Nepomniachtchi"]
[Black "Jan-Krzysztof Duda"]
[WhiteElo "2733"]
[BlackElo "2706"]
[PlyCount "143"]

1. e4 e6 2. d4 d5 3. Nc3 dxe4 4. Nxe4 Bd7 5. Nf3 Bc6 6. Bd3
Nd7 7. O-O Ngf6 8. Ng3 g6 9. b3 Bg7 10. Ba3 Bf8 11. Bb2 Bg7
12. c4 O-O 13. b4 Bxf3 14. Qxf3 c6 15. a4 Qc7 16. a5 a6
17. Rfe1 Rfe8 18. Qe2 Rad8 19. Rad1 Re7 20. Bb1 Nf8 21. Qf3
Ne8 22. Ne4 Red7 23. Nc5 Re7 24. Qe2 Nd7 25. Nb3 Ndf6 26. Bc1
Red7 27. g3 Bf8 28. Bf4 Qc8 29. Bd2 Bg7 30. Bc3 Re7 31. Qf3
Qc7 32. Bd2 Nh5 33. Bg5 Nhf6 34. Nc5 h6 35. Bf4 Qc8 36. h4 Nh7
37. Be5 Nef6 38. Na4 Qd7 39. Nb6 Qe8 40. c5 Qf8 41. Bd6 Rxd6
42. cxd6 Re8 43. b5 axb5 44. a6 Nd5 45. Nxd5 cxd5 46. d7 Rd8
47. axb7 Nf6 48. h5 Qd6 49. hxg6 Qxd7 50. gxf7+ Kxf7 51. Qd3
Rb8 52. Qg6+ Kf8 53. Bd3 Rxb7 54. Ra1 Qf7 55. Ra8+ Ke7 56. Ra6
Qxg6 57. Bxg6 Ne4 58. Bxe4 dxe4 59. Rxe4 Kf7 60. Rexe6 Bxd4
61. Red6 Bc5 62. Rxh6 Bd4 63. Rad6 Kg7 64. Rh5 Bc3 65. Rhd5 b4
66. Rd7+ Rxd7 67. Rxd7+ Kf6 68. Rd3 Ke5 69. Kf1 Bd4 70. Ke2
Kd5 71. Kd2 Kc4 72. Rxd4+ 1-0

[Event "European Team Championship"]
[Site "Hersonissos GRE"]
[Date "2017.11.04"]
[EventDate "2017.10.28"]
[Round "7.4"]
[Result "1-0"]
[White "Jan-Krzysztof Duda"]
[Black "Maxim Rodshtein"]
[WhiteElo "2706"]
[BlackElo "2699"]
[PlyCount "79"]

1. e4 e5 2. Nf3 Nc6 3. Bc4 Bc5 4. c3 Nf6 5. d3 d6 6. Nbd2 a6
7. Bb3 O-O 8. Nf1 Ng4 9. d4 exd4 10. cxd4 Bb6 11. Ng3 Be6
12. O-O Bxb3 13. axb3 h6 14. d5 Ne7 15. Nh4 Ne5 16. b4 N5g6
17. Nxg6 fxg6 18. Ra3 Kh7 19. Ne2 c6 20. Nf4 Qd7 21. Ne6 Rf6
22. Rf3 Rxe6 23. dxe6 Qxe6 24. Be3 Bc7 25. Bd4 Re8 26. Bc3 g5
27. Qd4 Rg8 28. b3 Ng6 29. Qc4 Nf4 30. Qxe6 Nxe6 31. Rf7 Re8
32. Bxg7 Kg6 33. Rd7 Nxg7 34. Rxc7 Rxe4 35. Rxb7 Nf5 36. Rd1
d5 37. Kf1 Kf6 38. Rb6 Ne7 39. Ra1 d4 40. Rbxa6 1-0

[Event "European Team Championship"]
[Site "Hersonissos GRE"]
[Date "2017.11.05"]
[EventDate "2017.10.28"]
[Round "8.8"]
[Result "1/2-1/2"]
[White "Jan-Krzysztof Duda"]
[Black "Gabriel Sargissian"]
[WhiteElo "2706"]
[BlackElo "2657"]
[PlyCount "127"]

1. e4 e5 2. Nf3 Nc6 3. Bc4 Bc5 4. c3 Nf6 5. d3 d6 6. Bb3 a5
7. Nbd2 O-O 8. h3 Be6 9. Bc2 d5 10. exd5 Bxd5 11. O-O Re8
12. Re1 h6 13. Nh2 Qd7 14. Ne4 Nxe4 15. dxe4 Be6 16. Qh5 f6
17. Qh4 Qf7 18. Bd1 Bf8 19. Ng4 Ne7 20. Qg3 Kh8 21. Ne3 Bxa2
22. Rxa2 Qxa2 23. Be2 Qf7 24. Bc4 Qg6 25. Qf3 Nc8 26. Nf5 Nd6
27. Ba2 Red8 28. g4 Nxf5 29. exf5 Qe8 30. Qxb7 c6 31. Qb3 Bc5
32. Qc4 Bb6 33. Kg2 Qd7 34. Qe4 a4 35. Bc4 a3 36. bxa3 Bc5
37. Qf3 Bxa3 38. Be3 Qd6 39. h4 Bc5 40. g5 Bxe3 41. Rxe3 Ra4
42. Re4 Qd1 43. Be2 Qb3 44. Bd3 Rxe4 45. Bxe4 Qd1 46. gxf6
Qxf3+ 47. Kxf3 gxf6 48. Bxc6 h5 49. Ke4 Kg7 50. Bd5 Kf8 51. c4
Ke7 52. f4 exf4 53. Kxf4 Rc8 54. Kg3 Rc5 55. Kf4 Kd6 56. Bf7
Rc7 57. Bxh5 Rxc4+ 58. Kg3 Rc1 59. Bg6 Ke5 60. h5 Rg1+ 61. Kf3
Rh1 62. Kg2 Rh4 63. Kg3 Rh1 64. Kg2 1/2-1/2

[Event "European Team Championship"]
[Site "Hersonissos GRE"]
[Date "2017.11.06"]
[EventDate "2017.10.28"]
[Round "9.8"]
[Result "0-1"]
[White "Christian Bauer"]
[Black "Jan-Krzysztof Duda"]
[WhiteElo "2647"]
[BlackElo "2706"]
[PlyCount "118"]

1. e4 c5 2. Na3 Nc6 3. Bb5 Qc7 4. Nf3 a6 5. Bxc6 Qxc6 6. O-O
d6 7. d4 cxd4 8. Nxd4 Qc7 9. Qd3 Nf6 10. Bg5 Ng4 11. Nf3 h6
12. Bd2 Bd7 13. h3 Nf6 14. Rfe1 e6 15. Rad1 Be7 16. e5 dxe5
17. Nxe5 Bc6 18. Bf4 Nd5 19. Bg3 Qc8 20. Nac4 O-O 21. Nxc6
Qxc6 22. Ne5 Qa4 23. c4 Nf6 24. Qf3 Qb4 25. Rb1 a5 26. a3 Qb6
27. b4 axb4 28. axb4 Ra4 29. c5 Qb5 30. c6 Nd5 31. cxb7 Rxb4
32. Rbc1 Qxb7 33. Nc6 Rb5 34. Be5 Bg5 35. Nd4 Bxc1 36. Nxb5
Qxb5 37. Rxc1 f6 38. Bd4 Qd7 39. Qg4 Ra8 40. Qg3 e5 41. Be3
Ra3 42. Qf3 Qe6 43. Rd1 e4 44. Qe2 Nxe3 45. fxe3 Kh7 46. Qf2
Qe5 47. Rf1 Kg6 48. Kh1 h5 49. h4 Rb3 50. Kg1 Rb2 51. Qe1 Ra2
52. Qb4 Re2 53. Re1 Rb2 54. Qc4 Qf5 55. Re2 Rb1+ 56. Kh2 Qg4
57. g3 Qf3 58. Rg2 Qxe3 59. Qe6 Qf3 0-1

[Event "European Blitz Championship"]
[Site "Katowice POL"]
[Date "2017.12.15"]
[EventDate "2017.12.15"]
[Round "3.5"]
[Result "0-1"]
[White "Martin Jablonicky"]
[Black "Jan-Krzysztof Duda"]
[WhiteElo "2302"]
[BlackElo "2717"]
[PlyCount "70"]

1. d4 Nf6 2. Bf4 d6 3. Nc3 Nbd7 4. e4 e5 5. dxe5 dxe5 6. Be3
Bb4 7. f3 Bxc3+ 8. bxc3 Qe7 9. Bc4 Nb6 10. Bb3 O-O 11. Ne2 Rd8
12. Qc1 Be6 13. O-O Nc4 14. Bf2 a5 15. a4 Nd2 16. Rd1 Nxb3
17. cxb3 Bxb3 18. Rxd8+ Rxd8 19. Qb2 Bc4 20. Ng3 b6 21. Nf5
Qe6 22. Qc1 Ne8 23. h4 Rd3 24. h5 f6 25. Qa3 Nd6 26. Nxd6 Qxd6
27. Qc1 Rd2 28. Be3 Re2 29. Bf2 Qd2 30. Qxd2 Rxd2 31. h6 g5
32. Rc1 Kf7 33. Be3 Rd3 34. Kf2 Kg6 35. Rh1 Rxc3 0-1

[Event "European Blitz Championship"]
[Site "Katowice POL"]
[Date "2017.12.15"]
[EventDate "2017.12.15"]
[Round "4.5"]
[Result "1-0"]
[White "Jan-Krzysztof Duda"]
[Black "Martin Jablonicky"]
[WhiteElo "2717"]
[BlackElo "2302"]
[PlyCount "46"]

1. d4 Nf6 2. Nf3 g6 3. Bg5 Bg7 4. Nbd2 d5 5. e3 O-O 6. c3 c5
7. Be2 Qb6 8. Qb3 Nc6 9. O-O Bf5 10. Rac1 h6 11. Bxf6 Bxf6
12. Qxd5 cxd4 13. Nc4 Qa6 14. Nxd4 Rfd8 15. Qf3 Nxd4 16. cxd4
Qxa2 17. Qxb7 Rab8 18. Qf3 Qb3 19. Na5 Qxb2 20. Nc6 Rbc8
21. Ba6 Rc7 22. e4 Qb6 23. Nxd8 Rxc1 1-0

[Event "European Blitz Championship"]
[Site "Katowice POL"]
[Date "2017.12.15"]
[EventDate "2017.12.15"]
[Round "5.5"]
[Result "1-0"]
[White "Jan-Krzysztof Duda"]
[Black "Zoran Stojcevski"]
[WhiteElo "2717"]
[BlackElo "2337"]
[PlyCount "88"]

1. e4 e5 2. Nf3 Nc6 3. Be2 Bc5 4. c3 d6 5. b4 Bb6 6. a4 a5
7. b5 Nce7 8. d4 Nf6 9. Nbd2 Ng6 10. O-O O-O 11. Re1 Re8
12. Bf1 Bg4 13. Qc2 Nh5 14. h3 Be6 15. Nc4 Bxc4 16. Bxc4 Nhf4
17. Bb2 Qf6 18. Re3 h6 19. Rae1 Rad8 20. Bf1 Ne6 21. Qd1 Nh4
22. Nh2 Ng6 23. Ng4 Qg5 24. Rg3 Qh4 25. Ne3 Nef4 26. Nf5 Qf6
27. Rf3 Ne7 28. Ne3 Qg5 29. Nc4 Neg6 30. Rg3 Qf6 31. Nxb6 cxb6
32. c4 Rc8 33. d5 Nf8 34. Rf3 Qe7 35. g3 N4g6 36. h4 Nd7
37. Bc1 Nc5 38. Bh3 Rc7 39. h5 Nf8 40. Bf5 Nh7 41. Kg2 Ng5
42. Rfe3 Qf6 43. Bd2 g6 44. Bg4 Kg7 1-0

[Event "European Blitz Championship"]
[Site "Katowice POL"]
[Date "2017.12.15"]
[EventDate "2017.12.15"]
[Round "6.5"]
[Result "0-1"]
[White "Zoran Stojcevski"]
[Black "Jan-Krzysztof Duda"]
[WhiteElo "2337"]
[BlackElo "2717"]
[PlyCount "80"]

1. e4 g6 2. d4 Bg7 3. Nc3 d6 4. Be3 a6 5. Qd2 b5 6. O-O-O Bb7
7. f3 Nd7 8. h4 h5 9. Nh3 b4 10. Na4 a5 11. Bc4 Ngf6 12. Nf4
Bc6 13. Bb3 Qc8 14. Rhe1 e5 15. Nd5 Bxd5 16. Bxd5 Nxd5
17. exd5 O-O 18. g4 hxg4 19. fxg4 exd4 20. Bxd4 Bxd4 21. Qxd4
Ne5 22. h5 Qxg4 23. Qxg4 Nxg4 24. Re7 gxh5 25. Rxc7 f5 26. Rh1
Rf7 27. Rxf7 Kxf7 28. Rxh5 Kg6 29. Rh1 f4 30. Kd2 Re8 31. Nb6
f3 32. Nc4 Re2+ 33. Kc1 Rg2 34. Rf1 Nh2 35. Rd1 f2 36. Ne3 Rg1
37. c4 bxc3 38. bxc3 Kg5 39. c4 Kf4 40. Kd2 Rxd1+ 0-1

[Event "European Blitz Championship"]
[Site "Katowice POL"]
[Date "2017.12.15"]
[EventDate "2017.12.15"]
[Round "7.4"]
[Result "1-0"]
[White "Jan-Krzysztof Duda"]
[Black "Sergey Fedorchuk"]
[WhiteElo "2717"]
[BlackElo "2648"]
[PlyCount "101"]

1. e4 c5 2. Nc3 a6 3. g3 b5 4. Bg2 Bb7 5. d3 e6 6. f4 Nf6
7. Nf3 d6 8. O-O Be7 9. a4 b4 10. Ne2 c4 11. b3 cxd3 12. cxd3
O-O 13. h3 Nc6 14. g4 Nd7 15. g5 Re8 16. Rb1 Bf8 17. Ng3 e5
18. f5 Nc5 19. Nh2 d5 20. g6 hxg6 21. fxg6 fxg6 22. Be3 Nd4
23. Ng4 dxe4 24. dxe4 Qd6 25. Qd2 Ncxb3 26. Qf2 Qe6 27. Kh2
Rac8 28. Ne2 Rc2 29. Nxd4 Nxd4 30. Qg3 Bxe4 31. Rf2 Nf5
32. Bxe4 Nxg3 33. Bxc2 Nf5 34. Bb3 a5 35. Bxe6+ Rxe6 36. Rc2
Bd6 37. Kg2 e4 38. Rc6 Kf7 39. Bc5 Bf4 40. Rxe6 Kxe6 41. Bb6
Nh4+ 42. Kf1 Nf3 43. Ke2 Nd2 44. Rd1 Nc4 45. Bd4 Bd6 46. Bxg7
Nb6 47. Bd4 Nxa4 48. Ra1 Nc5 49. Bxc5 Bxc5 50. Rxa5 Bd4
51. Rb5 1-0

[Event "European Blitz Championship"]
[Site "Katowice POL"]
[Date "2017.12.15"]
[EventDate "2017.12.15"]
[Round "8.4"]
[Result "0-1"]
[White "Sergey Fedorchuk"]
[Black "Jan-Krzysztof Duda"]
[WhiteElo "2648"]
[BlackElo "2717"]
[PlyCount "84"]

1. e4 e6 2. d4 d5 3. Bd3 dxe4 4. Bxe4 Nf6 5. Bf3 Nbd7 6. Nc3
Rb8 7. Nge2 Be7 8. O-O O-O 9. Bf4 Bd6 10. Re1 b5 11. a3 Bb7
12. Bxb7 Rxb7 13. Qd3 Bxf4 14. Nxf4 c6 15. Qf3 Nd5 16. Ne4 Qc7
17. Nd3 Rbb8 18. c3 a5 19. h4 N5f6 20. Nxf6+ Nxf6 21. Re5 Nd7
22. Rg5 Qd6 23. Re1 f6 24. Rg3 Rbe8 25. h5 Re7 26. Nf4 e5
27. Ng6 hxg6 28. hxg6 f5 29. Qh5 Nf6 30. Qxf5 exd4 31. Rxe7
Qxe7 32. cxd4 Qe1+ 33. Kh2 Re8 34. Qc5 Qe4 35. Kg1 Qd5 36. Qc2
Re1+ 37. Kh2 a4 38. f3 Qh5+ 39. Rh3 Qd5 40. Qf2 Qd6+ 41. f4
Ng4+ 42. Kg3 Nxf2 0-1

[Event "European Blitz Championship"]
[Site "Katowice POL"]
[Date "2017.12.15"]
[EventDate "2017.12.15"]
[Round "9.2"]
[Result "0-1"]
[White "Marin Bosiocic"]
[Black "Jan-Krzysztof Duda"]
[WhiteElo "2624"]
[BlackElo "2717"]
[PlyCount "44"]

1. d4 Nf6 2. Bg5 e6 3. e4 h6 4. Bxf6 Qxf6 5. c3 d5 6. Nd2 Qd8
7. Ngf3 Be7 8. Bd3 Nd7 9. Qe2 O-O 10. h4 c5 11. e5 Qb6
12. O-O-O Qa5 13. Kb1 c4 14. Bc2 b5 15. g4 b4 16. Nxc4 dxc4
17. Qe4 g6 18. Qxa8 bxc3 19. Qc6 Qb4 20. Bb3 Bb7 21. Qxd7 cxb3
22. bxc3 Be4+ 0-1

[Event "European Blitz Championship"]
[Site "Katowice POL"]
[Date "2017.12.15"]
[EventDate "2017.12.15"]
[Round "10.2"]
[Result "1-0"]
[White "Jan-Krzysztof Duda"]
[Black "Marin Bosiocic"]
[WhiteElo "2717"]
[BlackElo "2624"]
[PlyCount "90"]

1. d4 d5 2. Bf4 Nf6 3. e3 c5 4. c3 Nc6 5. Nd2 e6 6. Ngf3 cxd4
7. exd4 Nh5 8. Be3 Bd6 9. Ne5 g6 10. f4 Ng7 11. Bd3 f6
12. Nef3 Nf5 13. Qe2 Qc7 14. g3 Bd7 15. Bf2 O-O-O 16. O-O-O
Rhe8 17. Kb1 Kb8 18. Rhe1 Na5 19. Nb3 Nxb3 20. axb3 a5 21. Kc2
h6 22. g4 Ne7 23. g5 fxg5 24. fxg5 hxg5 25. Nxg5 Rf8 26. Rf1
Nc6 27. Kb1 Qb6 28. Bc2 a4 29. bxa4 Na5 30. Bg3 Bxg3 31. hxg3
Nc4 32. b4 Qa6 33. Bd3 Bxa4 34. Bxc4 dxc4 35. Qe5+ Ka7
36. Rxf8 Rxf8 37. Qc5+ b6 38. Qxf8 Bxd1 39. Qe7+ Kb8 40. Qd8+
Ka7 41. Qd7+ Ka8 42. Nxe6 Qa3 43. Qd8+ Kb7 44. Qe7+ Kc6
45. b5+ Kd5 1-0

[Event "European Blitz Championship"]
[Site "Katowice POL"]
[Date "2017.12.15"]
[EventDate "2017.12.15"]
[Round "11.1"]
[Result "1/2-1/2"]
[White "Marcin Dziuba"]
[Black "Jan-Krzysztof Duda"]
[WhiteElo "2584"]
[BlackElo "2717"]
[PlyCount "77"]

1. Nf3 Nf6 2. g3 g6 3. Bg2 Bg7 4. O-O d5 5. d4 O-O 6. Nbd2 c6
7. b3 Bf5 8. Bb2 Re8 9. c4 a5 10. a3 Ne4 11. e3 Nd7 12. Re1
Nxd2 13. Nxd2 Nc5 14. Bc3 Ne4 15. Nxe4 Bxe4 16. f3 Bf5 17. e4
Be6 18. exd5 cxd5 19. c5 Bd7 20. Qd2 e6 21. Bf1 Qc7 22. f4 b6
23. b4 Reb8 24. Rec1 bxc5 25. dxc5 Bb5 26. Bxg7 Kxg7 27. Qd4+
Kg8 28. h4 Bxf1 29. Kxf1 h5 30. Rab1 Rb5 31. Rc2 Rab8 32. Rcb2
Qb7 33. Kf2 Kh7 34. Ke3 Kg8 35. Kf2 Kh7 36. Rb3 Kg8 37. R3b2
Kh7 38. Qc3 Kg8 39. Qd4 1/2-1/2

[Event "European Blitz Championship"]
[Site "Katowice POL"]
[Date "2017.12.15"]
[EventDate "2017.12.15"]
[Round "12.1"]
[Result "1-0"]
[White "Jan-Krzysztof Duda"]
[Black "Marcin Dziuba"]
[WhiteElo "2717"]
[BlackElo "2584"]
[PlyCount "115"]

1. d4 d5 2. Bf4 Nf6 3. e3 c5 4. c3 e6 5. Nd2 Nc6 6. Bd3 Bd6
7. Bxd6 Qxd6 8. f4 Bd7 9. a3 Ne7 10. Ngf3 Qb6 11. Rb1 Bb5
12. Bxb5+ Qxb5 13. Qe2 Qxe2+ 14. Kxe2 Rc8 15. Ne5 Nf5 16. Nd3
c4 17. Nf2 Nd6 18. Kf3 Nd7 19. e4 f5 20. exd5 exd5 21. Rhe1+
Ne4 22. Re2 Nf6 23. g4 g6 24. gxf5 gxf5 25. Nd1 Kd7 26. Ne3
Ke6 27. Ndf1 Rcf8 28. Ng3 Ne8 29. Rg1 N8d6 30. Reg2 Rf7
31. Nh5 Ne8 32. Rg8 Rxg8 33. Rxg8 N8f6 34. Nxf6 Nxf6 35. Ra8
b6 36. Rb8 Re7 37. a4 Rf7 38. a5 Nd7 39. Rb7 Nf6 40. Rxf7 Kxf7
41. axb6 axb6 42. Nxf5 Ke6 43. Ng3 b5 44. f5+ Kd6 45. Kf4 h6
46. h3 Ne8 47. Nh5 Nc7 48. f6 Ke6 49. f7 Kxf7 50. Ke5 Kg6
51. Nf4+ Kg5 52. Nxd5 Ne8 53. Nf4 h5 54. d5 h4 55. Ne6+ Kg6
56. d6 Nf6 57. Nc5 Kf7 58. d7 1-0

[Event "European Blitz Championship"]
[Site "Katowice POL"]
[Date "2017.12.15"]
[EventDate "2017.12.15"]
[Round "13.1"]
[Result "1/2-1/2"]
[White "Jan-Krzysztof Duda"]
[Black "Laurent Fressinet"]
[WhiteElo "2717"]
[BlackElo "2662"]
[PlyCount "139"]

1. e4 e5 2. Nf3 Nc6 3. Bc4 Bc5 4. c3 Nf6 5. d3 a6 6. Nbd2 d6
7. Bb3 O-O 8. h3 Be6 9. Nf1 d5 10. Qe2 dxe4 11. dxe4 Bxb3
12. axb3 Ne8 13. b4 Ba7 14. g4 Nd6 15. Ng3 Qf6 16. h4 Qe6
17. Ng5 Qc4 18. Nf5 Rad8 19. f3 Qxe2+ 20. Kxe2 Rd7 21. h5 h6
22. Nh3 Nxf5 23. gxf5 f6 24. Rd1 Rxd1 25. Kxd1 Rd8+ 26. Kc2
Kf7 27. Bd2 Bb6 28. Re1 a5 29. bxa5 Nxa5 30. Bc1 Nc4 31. b3
Nd6 32. Ba3 Nb5 33. Bb2 Nd6 34. Ra1 Ke8 35. Bc1 Nf7 36. Bd2
Ke7 37. Rh1 Ra8 38. Kb1 Rd8 39. Kc2 Ra8 40. Bc1 Bc5 41. b4 Bb6
42. Kb3 Rd8 43. Kc2 Ra8 44. Bb2 Rd8 45. Ra1 Ng5 46. Nxg5 hxg5
47. Rh1 Rh8 48. Ba3 Kd7 49. b5 Ke8 50. Kb3 Kf7 51. Kc4 Be3
52. Bb4 Bf2 53. Ba5 Be3 54. Kd3 Bb6 55. Bxb6 cxb6 56. Ra1 Ke7
57. Ra7 Rb8 58. Kc4 Kd6 59. Kb4 Kc7 60. Ra1 Rh8 61. Rh1 Kd6
62. c4 Rh7 63. Rd1+ Kc7 64. Rh1 Kd6 65. Kc3 Kc7 66. Kb3 Kd6
67. Kb4 Rh8 68. Rh2 Rh7 69. Rh1 Rh8 70. Rh2 1/2-1/2

[Event "European Blitz Championship"]
[Site "Katowice POL"]
[Date "2017.12.15"]
[EventDate "2017.12.15"]
[Round "14.1"]
[Result "1-0"]
[White "Laurent Fressinet"]
[Black "Jan-Krzysztof Duda"]
[WhiteElo "2662"]
[BlackElo "2717"]
[PlyCount "117"]

1. e4 e6 2. d4 d5 3. exd5 exd5 4. Nf3 Bd6 5. c4 Nf6 6. c5 Be7
7. Nc3 b6 8. cxb6 axb6 9. Bd3 O-O 10. O-O Nc6 11. h3 Bb4
12. Bg5 Bxc3 13. bxc3 h6 14. Bh4 Ba6 15. Ne5 Bxd3 16. Qxd3 Qd6
17. Bxf6 gxf6 18. Ng4 Kg7 19. Rfe1 h5 20. Ne3 Ne7 21. Re2 Rh8
22. Rae1 Rh6 23. c4 Rg6 24. cxd5 Qd7 25. Qe4 Re8 26. Qf3 Rh8
27. h4 b5 28. g3 Qd6 29. Rc1 Qd7 30. Rec2 Qh3 31. Rxc7 Re8
32. Rxe7 Rxe7 33. Nf5+ Kf8 34. Nxe7 Kxe7 35. d6+ Kxd6 36. Qc6+
Ke7 37. Qc5+ Kd7 38. Qxb5+ Ke7 39. Qc5+ Ke8 40. Qc8+ Qxc8
41. Rxc8+ Kd7 42. Rc5 Rg4 43. Rxh5 Rxd4 44. Ra5 Ke6 45. Kg2 f5
46. h5 Kf6 47. Ra6+ Kg5 48. h6 f4 49. h7 Rd8 50. gxf4+ Kxf4
51. Rf6+ Kg5 52. Rxf7 Kg6 53. Ra7 Rf8 54. a4 Rb8 55. Kf3 Kf5
56. Rg7 Rb3+ 57. Ke2 Rh3 58. a5 Kf6 59. Rb7 1-0